000 00336nam a2200133Ia 4500
008 240624s9999 xx 000 0 und d
041 _aeng
082 _a823 MAR
100 _aMARQUEZ GABRIEL GARCIA
245 _aNO ONE WRITES TO THE COLONEL
260 _c1996
_aNew York
_bPenguin Books
300 _a69 : p. : cm. ; 20
365 _cRS
999 _c22711
_d22711